Middle-earth Middle Management Quiz Stats

 Plays Quiz Updated Apr 6, 2019

Score 0/18 Timer 06:00
1 Play Today
% Correct
Galadriel
88.2%
Aragorn
86.7%
Gollum
85.9%
Gimli
85.3%
Sauron
85.1%
Gandalf
84.5%
Saruman
82.7%
Smaug
82.1%
Treebeard
80.5%
% Correct
Samwise Gamgee
75.2%
Legolas
74.3%
Peregrin Took
73.7%
Bilbo Baggins
71.6%
Boromir
71.4%
Frodo Baggins
66.6%
Barliman Butterbur
64.3%
Bombur
62%
Thorin Oakenshield
55.3%

You're not logged in!

Compare scores with friends on all Sporcle quizzes.
OR
Log In

Sporcle TV

Today on Sporcle TV


Watch our educational content, quiz creation guides, and fun videos on Sporcle TV.

Show Comments

Extras

Top Quizzes Today


Score Distribution

Your Account Isn't Verified!

In order to create a playlist on Sporcle, you need to verify the email address you used during registration. Go to your Sporcle Settings to finish the process.

Report this User

Report this user for behavior that violates our Community Guidelines.

Details: